Vademecum skomputeryzowanego nauczyciela bibliotekarza /

محفوظ في:
التفاصيل البيبلوغرافية
المؤلف الرئيسي: Bogacz, Mirosława
مؤلفون آخرون: Kolasa, Władysław Marek (1968- ).
التنسيق: كتاب
اللغة:البولندية
منشور في: Warszawa : Agencja "Sukurs", 2005.
الموضوعات:
الوسوم: إضافة وسم
لا توجد وسوم, كن أول من يضع وسما على هذه التسجيلة!

MARC

LEADER 00000nam a2200000 i 4500
001 9910468098005606
005 20260515140225.0
008 051107s2005 pl f |001 0 pol
020 |a 8390452995 
035 |a 991028635469705066 
035 |a (PL-WaBN)b17747478-48omnis_nlop 
035 |a b17747478 
035 |a (OCoLC)749757996 
035 |a zz2005894445 
035 |a (PL)b0000001774747 
040 |a WA N  |c WA N  |d WA N 
080 |a 027.8:002.5:004:371.69 
090 |c 9  |d 9 
100 1 |a Bogacz, Mirosława 
240 1 0 |a Vademecum skomputeryzowanego nauczyciela bibliotekarza  |l (pol.) 
245 1 0 |a Vademecum skomputeryzowanego nauczyciela bibliotekarza /  |c Mirosława Bogacz. Systemy dla bibliotek szkolnych i kryteria ich oceny / Władysław Marek Kolasa. 
260 |a Warszawa :  |b Agencja "Sukurs",  |c 2005. 
300 |a 144 s. ;  |c 21 cm +  |e 1 dysk optyczny (CD-ROM). 
504 |a Bibliogr. s. 121-124, przepisy prawne s. 99. Indeks. 
538 |a Wymagania systemowe: Komputer PC; Pentium 233 MHz; 64MB RAM; Windows 98/Me/XP; CD-ROM; Internet Explorer 5.0. 
650 7 |a Biblioteki szkolne 
650 7 |a Komputeryzacja 
650 7 |a Internet 
650 7 |a Komputery 
650 0 |a School libraries  |x Reference services  |x Automation  |z Poland  |v Congresses. 
650 7 |a Nauczanie 
650 7 |a Zastosowanie i wykorzystanie 
650 7 |a Informacja naukowa 
700 1 2 |a Kolasa, Władysław Marek  |d (1968- ).  |t Systemy dla bibliotek szkolnych i kryteria ich oceny  |l (pol.) 
920 |a 83-904529-9-5 
942 |c K 
952 |0 0  |1 0  |4 0  |6 R__13_000000000000000  |7 0  |9 29  |a RYT  |b RYT  |d 2026-03-15  |e 1/2026  |g 10.00  |l 0  |o R.13  |p 2000000000138  |r 2026-05-15 14:02:25  |w 2026-05-15  |y BK  |z da 
999 |c 29  |d 29